| 000 | 00633nam a2200193 a 4500 | ||
|---|---|---|---|
| 001 | 000035312 | ||
| 005 | 20200930074241.0 | ||
| 008 | 111027s1971 xxu 000 f spa d | ||
| 040 |
_aDO-SdBNP _bspa _cBNPHU |
||
| 082 |
_a813.54 _bD637b |
||
| 100 | 1 |
_aDoctorow, E. L. _961082 |
|
| 245 | 1 | 0 |
_aThe book of Daniel / _cE. L. Doctorow. |
| 260 |
_aNew York : _bNew American Library, _c1971. |
||
| 300 |
_a319 p. ; _c18 cm. |
||
| 590 | _aPerteneció a la biblioteca personal de Juan Isidro Jimenes Grullón | ||
| 650 | 4 |
_aNovela estadounidense _9262 |
|
| 650 | 4 |
_aLiteratura estadounidense _9263 |
|
| 910 | _aValidado. Control de calidad MFF | ||
| 999 |
_c34803 _d34803 |
||